00336nam a22000857a 4500082001500000245017500015260004100190300001100231563000800242 a340.6bMOD aModi's A textbook of Medical Jurisprudence and Toxicology with a Concise Medical Dictionary (English to Urdu) /cEdited by Justice K Kannan and Dr. Karunakaran Mathiharn  aLahore:bOmer Law Book House,c2022. a421 p. aHB.